A Quiz of Firsts XI Stats

 Plays Quiz not verified by Sporcle

Score 0/20 Timer 06:00
0 Plays Today
Hint Answer % Correct
In which country was the first fireworks invented?China
80%
Who was the first African American on the US Supreme Court?Thurgood Marshall
56.7%
What was the first music video played on MTV?Video Killed The Radio Star by The Buggles
53.3%
Which US President is the first to throw the 'first pitch' on Baseball's Opening Day?William Howard Taft
43.3%
What is the world's first known writing system?Cuneiform
30%
What was Ben & Jerry's first ice cream flavor available for purchase?Vanilla
30%
Who was Elizabeth Taylor's first husband?Conrad Hilton Jr
23.3%
What was the first type of bird that Noah sent out from the ark, as documented in the Bible?Raven
23.3%
Which country erected the first national Holocaust memorial?Israel
23.3%
What year was the first Cannes Film Festival held?1946
13.3%
Hint Answer % Correct
In which US state was the first chocolate chip cookie served?Massachusetts
6.7%
In what country was the world's first successful skin graft operation performed?Denmark
3.3%
Who was the first woman to appear on a US postage stamp?Queen Isabella of Spain
0%
Who was the first king to carry the title King of FrancePhilip II
0%
Who was the first CMA (Country Music Association) Entertainer of the Year?Eddy Arnold
0%
What was the first science fiction movie?Le Voyage dans la Lune
0%
What ship is credited as being built as the first passenger cruise ship?Prinzessin Victoria Luise
0%
What was the first movie based on a Pulitzer Prize winning novel?Arrowsmith
0%
Who was the first winner of the title of Miss America?Margaret Gorman
0%
In which country is the first legally protected forest geared towards conservation purpose?Trinidad and Tobago
0%

You're not logged in!

Compare scores with friends on all Sporcle quizzes.
OR
Log In

Show Comments

Extras

Top Quizzes Today


Score Distribution

Your Account Isn't Verified!

In order to create a playlist on Sporcle, you need to verify the email address you used during registration. Go to your Sporcle Settings to finish the process.

Report this User

Report this user for behavior that violates our Community Guidelines.

Details: